Riconosci il Pokémon - Quiz n°630 - Statistics

Statistiche generali
  • Questo quiz è stato fatto 0 volte
  • Il punteggio medio è 0 su 10
Statistiche sulle risposte
Indizio Riposta % Corretto
Altezza 1,0 m
0%
Peso 21,0 kg
0%
Sesso 50% ♂, 50% ♀
0%
Tasso di cattura 75 (17.5%)
0%
Tipo Elettro / Volante
0%
Stadio evoluzione Heliolisk
0%
Pokémon Heliolisk
0%
Tasso di allevamento Medio-Veloce
0%
Abilità Pellearsa; Sabbiavelo; Solarpotere
0%
Generazione Sesta
0%
Nessun quiz corrispondente trovato
Distribuzione punteggi
Percentuale di utenti per punteggio
Percentile per numero di risposta
I tuoi punteggi nel tempo
Non hai fatto questo quiz